| 000 | 01009nam a2200181Ia 4500 | ||
|---|---|---|---|
| 008 | 100122s9999 xx 000 0 und d | ||
| 082 |
_b31136 _a294.5 |
||
| 100 | _aऋग्वेदी | ||
| 245 | _aआर्यांच्या सणांचा प्राचिन व अर्वाचिन इतिहास (क. क्र. 24/4 ) | ||
| 250 | _a3 | ||
| 260 |
_bप्रज्ञा पाठशाळा मंडळ _c1979 |
||
| 300 | _a380 | ||
| 520 | _aआर्यांच्या सणांचा प्राचीन इतिहास | ||
| 620 | _aआर्यांच्या सणांचा प्राचीन इतिहास | ||
| 630 | _aआर्यांच्या सणांचा प्राचिन व अर्वाचिन इतिहास (क. क्र. 24/4 ) | ||
| 730 | _aआर्यांच्या सणांचा प्राचिन व अर्वाचिन इतिहास (क. क्र. 24/4 ) | ||
| 942 | _cBOOK | ||
| 999 |
_c415842 _d415839 |
||